| 000 | 004370000a22001810004500 | ||
|---|---|---|---|
| 003 | MACL | ||
| 005 | 20151231160121.0 | ||
| 008 | 151231b xxu||||| |||| 00| 0 eng d | ||
| 040 |
_aMACL _cMACL |
||
| 041 | _aEnglish | ||
| 082 | _a330/DHI | ||
| 100 |
_aDhingra, I C _925895 |
||
| 245 | _aRural Economics | ||
| 260 |
_bSultan Chand and Sons _c1988 _aNew Delhi |
||
| 350 | _a30 | ||
| 650 |
_aEconomics _925896 |
||
| 942 |
_cBK _k330/DHI _2ddc |
||
| 999 |
_c34357 _d34357 |
||